[Event "Ile et Vilaine op 11th"]
[Site "Rennes"]
[Date "2018.07.09"]
[Round "4"]
[White "Seite, Sullian"]
[Black "Francez, Theo"]
[Result "1-0"]
[WhiteElo "1898"]
[BlackElo "1862"]
[PlyCount "55"]
[EventDate "2018.07.07"]
[EventType "swiss"]
[EventRounds "9"]
[EventCountry "FRA"]
[SourceTitle "EXT 2019"]
[Source "ChessBase"]
[SourceDate "2018.10.10"]
[SourceVersion "1"]
[SourceVersionDate "2018.10.10"]
[SourceQuality "1"]

1. c4 e5 2. Nc3 Nf6 3. g3 g6 4. Bg2 Bg7 5. Nf3 Nc6 6. 0-0 0-0 7. d3 d6 8. Rb1 a5 9. a3 Nd4 10. b4 axb4 11. axb4 c6 12. Nd2 Bg4 13. h3 Be6 14. Nde4 Nxe4 15. Nxe4 h6 16. e3 Nf5 17. b5 Qc7 18. Bd2 Ne7 19. c5 d5 20. Nd6 Rfb8 21. Qc2 Nc8 22. Ne8 Qd7 23. Nxg7 Kxg7 24. Qb2 d4 25. exd4 Ra2 26. bxc6 Rxb2 27. cxd7 Rxd2 28. d8Q 1-0

[Event "Ile et Vilaine op"]
[Site "Rennes"]
[Date "2017.07.09"]
[Round "2"]
[White "Francez, Theo"]
[Black "Stephan, Victor"]
[Result "0-1"]
[WhiteElo "1926"]
[BlackElo "2352"]
[PlyCount "38"]
[EventDate "2017.07.08"]
[EventType "swiss"]
[EventRounds "9"]
[EventCountry "FRA"]
[SourceTitle "EXT 2019"]
[Source "ChessBase"]
[SourceDate "2018.10.10"]
[SourceVersion "1"]
[SourceVersionDate "2018.10.10"]
[SourceQuality "1"]

1. Nf3 Nf6 2. c4 e6 3. Nc3 c5 4. d4 cxd4 5. Nxd4 d5 6. cxd5 Nxd5 7. Qb3 Nc6 8. Ndb5 Nxc3 9. Nxc3 Bb4 10. e4 0-0 11. Be3 Nd4 12. Qd1 e5 13. a3 Ba5 14. b4 Be6 15. Nd5 Bxd5 16. exd5 Bb6 17. Bc4 Rc8 18. Rc1 Rxc4 19. Rxc4 Qxd5 0-1

[Event "Liffre op"]
[Site "Liffre"]
[Date "2016.10.24"]
[Round "4"]
[White "Kukov, Velislav"]
[Black "Francez, Theo"]
[Result "1-0"]
[WhiteElo "2358"]
[BlackElo "1883"]
[PlyCount "59"]
[EventDate "2016.10.22"]
[EventType "swiss"]
[EventRounds "9"]
[EventCountry "FRA"]
[SourceTitle "CBM 175 Extra"]
[Source "ChessBase"]
[SourceDate "2016.12.12"]
[SourceVersion "1"]
[SourceVersionDate "2016.12.12"]
[SourceQuality "1"]

1. d4 Nf6 2. Nf3 g6 3. g3 Bg7 4. Bg2 0-0 5. 0-0 c5 6. c3 d6 7. Nbd2 Nc6 8. dxc5 dxc5 9. Nb3 Nd7 10. Qd5 e6 11. Qd6 Qb6 12. Be3 Nd4 13. Qxb6 Nxf3+ 14. exf3 axb6 15. f4 Nf6 16. Nd2 Nd5 17. Nc4 Ra6 18. Rfd1 Bd7 19. Ne5 Bxe5 20. fxe5 Nxe3 21. Rxd7 Nxg2 22. Kxg2 Ra7 23. a3 b5 24. Rad1 Rfa8 25. R1d6 b4 26. axb4 cxb4 27. cxb4 Ra2 28. Rxb7 Rxb2 29. Rdd7 Raa2 30. Rxf7 1-0

[Event "Avoine op 31st"]
[Site "Avoine"]
[Date "2016.07.24"]
[Round "2"]
[White "Nguyen, Vincent1111"]
[Black "Francez, Theo"]
[Result "1-0"]
[WhiteElo "2090"]
[BlackElo "1849"]
[PlyCount "71"]
[EventDate "2016.07.23"]
[EventType "swiss"]
[EventRounds "9"]
[EventCountry "FRA"]
[SourceTitle "CBM 173 Extra"]
[Source "ChessBase"]
[SourceDate "2016.08.29"]
[SourceVersion "1"]
[SourceVersionDate "2016.08.29"]
[SourceQuality "1"]

1. d4 Nf6 2. c4 c5 3. d5 b5 4. Nd2 bxc4 5. e4 g6 6. Bxc4 d6 7. b3 Bg7 8. Bb2 0-0 9. Ngf3 Bg4 10. Qc2 Nbd7 11. h3 Bxf3 12. Nxf3 Rb8 13. 0-0 Nb6 14. Bc3 Qc7 15. Nd2 Qb7 16. Rfe1 Nfd7 17. Bxg7 Kxg7 18. Qc3+ Kg8 19. f4 Ra8 20. Rab1 a5 21. a4 Ra7 22. Bb5 Nb8 23. Rb2 f5 24. Qd3 Kg7 25. Bc4 Nxa4 26. Ra2 Nb6 27. e5 Rf7 28. exd6 exd6 29. Qc3+ Kg8 30. Re8+ Rf8 31. Rxf8+ Kxf8 32. Qh8+ Kf7 33. Rxa5 N8d7 34. Qxh7+ Kf6 35. g4 fxg4 36. Ne4+ 1-0